Normal view
MARC view
Entry Nombre personal
001 - NÚMERO DE CONTROL
- campo de control: 36739
003 - IDENTIFICADOR DE NÚMERO DE CONTROL
- campo de control: mxcmmo
005 - FECHA Y HORA DE LA ÚLTIMA TRANSACCIÓN
- campo de control: 20241018001720.0
008 - ELEMENTOS DE DATO DE LONGITUD-FIJA
- campo de control de longitud fija: 241018|| aca||aabn | a|a d
040 ## - FUENTE DE CATALOGACIÓN
- Centro catalogador/agencia de origen: mxcmmo
- Centro/agencia transcriptor: mxcmmo
100 ## - ENCABEZAMIENTO-NOMBRE DE PERSONA
- Nombre de persona: Jovellanos y Ramírez, Gaspar Melchor de
- Fechas asociadas al nombre: 1744-1811
- Subdivisión general: Bio-bibliografía
670 ## - FUENTE DE DATOS ENCONTRADOS
- Cita de la fuente: Work cat.: (mxcmmo)18894: Dotor y Municio, Angel 1890- autor 28875, Jovellanos